000 00736nam a2200205Ii 4500
003 JO-AjNU
008 230605s9999||||xx |||||||||||||| ||und||
040 _aJO-AjNU
_bara
_erda
_cJO-AjNU
041 _aara
050 1 4 _aPJ6161 2015
100 3 _aبوراوي، مليكة,
_eauthor
_956895
245 0 0 _aالتشكيل اللساني للصورة الشعرية في ديوان إبن حمد يس الصقلي
250 _aط1
264 3 1 _aد.م: مخبر اللسانيات واللغه العربية 2015
300 _a274ص
336 _atext
_btxt
_2rdacontent
337 _aunmediated
_bn
_2rdamedia
338 _avolume
_bnc
_2rdacarrier
650 4 _aالشعر العربي - تاريخ ونقد - لسانيات
_956896
999 _aA25464
_c29032
_d29032